[Event "Madrid 2022-2023 ch - Previa A"]
[Site "Madrid ESP"]
[Date "2023.02.06"]
[Round "1.21"]
[White "De Vicente Guijarro, Juan"]
[Black "Javaloyes Ruiz, Miguel"]
[Result "1-0"]
[WhiteElo "1803"]
[BlackElo "1432"]
[PlyCount "35"]
[EventDate "2023.02.06"]
[EventType "swiss"]
[EventRounds "9"]
[EventCountry "ESP"]
[SourceTitle "Ajedrez en Madrid"]
[Source "lmi"]
[SourceDate "2023.02.06"]
[SourceVersion "1"]
[SourceVersionDate "2023.03.03"]
[SourceQuality "1"]

1. e4 c6 2. d4 d5 3. e5 Bf5 4. Nf3 e6 5. Be2 Nd7 6. O-O Ne7 7. Be3 Qb6 8. b3 c5
9. c4 Nc6 10. cxd5 exd5 11. Nc3 Be6 12. dxc5 Qa5 13. Nxd5 Ndxe5 14. Nxe5 Nxe5
15. Bf4 Qxc5 16. Bb5+ Bd7 17. Rc1 Qd6 18. Bxe5 1-0

[Event "Madrid 2022-2023 ch - Previa A"]
[Site "Madrid ESP"]
[Date "2023.02.06"]
[Round "1.22"]
[White "Rioyo Bailin, Lucas"]
[Black "Sotoca Aguado, Jose"]
[Result "1/2-1/2"]
[WhiteElo "1432"]
[BlackElo "1790"]
[PlyCount "69"]
[EventDate "2023.02.06"]
[EventType "swiss"]
[EventRounds "9"]
[EventCountry "ESP"]
[SourceTitle "Ajedrez en Madrid"]
[Source "lmi"]
[SourceDate "2023.02.06"]
[SourceVersion "1"]
[SourceVersionDate "2023.03.03"]
[SourceQuality "1"]

1. d4 Nf6 2. c4 e6 3. Nc3 Bb4 4. Bg5 h6 5. Bh4 c5 6. Nf3 cxd4 7. Qxd4 Nc6 8.
Qd3 Qa5 9. Bxf6 gxf6 10. g3 Bxc3+ 11. Qxc3 Qxc3+ 12. bxc3 b6 13. Bg2 Ba6 14.
Nd2 Rc8 15. Ne4 Ke7 16. c5 Ne5 17. cxb6 axb6 18. Rc1 d5 19. Nd2 Rc7 20. f4 Ng4
21. Bf3 f5 22. O-O Rhc8 23. h3 Ne3 24. Rfe1 d4 25. Kf2 Rxc3 26. Rxc3 Rxc3 27.
Rb1 b5 28. Nb3 Nc2 29. Rd1 Rc4 30. Na5 Ra4 31. Nc6+ Kf8 32. Rd2 Rc4 33. Ne5 Rc3
34. Nc6 Rc4 35. Ne5 1/2-1/2

[Event "Madrid 2022-2023 ch - Previa A"]
[Site "Madrid ESP"]
[Date "2023.02.06"]
[Round "1.23"]
[White "Esteban Amo, Jose M."]
[Black "Casal Martin, Jose Manuel"]
[Result "1-0"]
[WhiteElo "1788"]
[BlackElo "1430"]
[PlyCount "111"]
[EventDate "2023.02.06"]
[EventType "swiss"]
[EventRounds "9"]
[EventCountry "ESP"]
[SourceTitle "Ajedrez en Madrid"]
[Source "lmi"]
[SourceDate "2023.02.06"]
[SourceVersion "1"]
[SourceVersionDate "2023.03.03"]
[SourceQuality "1"]

1. d4 f5 2. Nc3 Nf6 3. Bf4 d6 4. e3 c6 5. Nf3 g6 6. Bd3 d5 7. O-O Bg7 8. Ne5
O-O 9. h3 Qe8 10. f3 Nh5 11. Bh2 Nd7 12. Nxd7 Bxd7 13. Ne2 e5 14. c3 f4 15.
dxe5 Bxe5 16. exf4 Nxf4 17. Nxf4 Bxf4 18. Qe1 Qf7 19. Bxf4 Qxf4 20. Qf2 b6 21.
Bc2 Rae8 22. Rad1 Re3 23. Rfe1 Rfe8 24. Rxe3 Qxe3 25. Qxe3 Rxe3 26. Kf2 Re7 27.
a4 Kf7 28. a5 b5 29. b4 a6 30. h4 Kf6 31. g3 Bf5 32. Bxf5 Kxf5 33. Rd4 Ke6 34.
g4 Rf7 35. Ke3 Kd6 36. Rf4 Rxf4 37. Kxf4 c5 38. Ke3 h6 39. f4 cxb4 40. cxb4 Ke6
41. Kd4 h5 42. gxh5 gxh5 43. f5+ Kxf5 44. Kxd5 Kg4 45. Kc6 Kxh4 46. Kb6 Kg3 47.
Kxa6 h4 48. Kb7 h3 49. a6 h2 50. a7 h1=Q+ 51. Kb8 Kf4 52. a8=Q Qxa8+ 53. Kxa8
Ke5 54. Kb7 Kd5 55. Kb6 Kc4 56. Ka5 1-0

[Event "Madrid 2022-2023 ch - Previa A"]
[Site "Madrid ESP"]
[Date "2023.02.06"]
[Round "1.24"]
[White "Lopez Manso, Jeronimo"]
[Black "Marin Lopez, Juan Jose"]
[Result "0-1"]
[WhiteElo "1422"]
[BlackElo "1780"]
[PlyCount "80"]
[EventDate "2023.02.06"]
[EventType "swiss"]
[EventRounds "9"]
[EventCountry "ESP"]
[SourceTitle "Ajedrez en Madrid"]
[Source "lmi"]
[SourceDate "2023.02.06"]
[SourceVersion "1"]
[SourceVersionDate "2023.03.03"]
[SourceQuality "1"]

1. f4 Nh6 2. Nf3 d5 3. e3 g6 4. c4 Bg7 5. Qb3 e6 6. Nc3 c6 7. e4 dxe4 8. Nxe4
O-O 9. Nc5 b6 10. Ne4 c5 11. Be2 Nc6 12. O-O Nd4 13. Nxd4 Qxd4+ 14. Qe3 Qd7 15.
Qh3 Nf5 16. g4 Nd4 17. Bd1 Bb7 18. d3 Rad8 19. f5 exf5 20. gxf5 Nxf5 21. Bg5
Bd4+ 22. Kh1 f6 23. Bd2 Bxb2 24. Rb1 Qxd3 25. Qxd3 Rxd3 26. Rxb2 Bxe4+ 27. Kg1
Rfd8 28. Rf2 Kg7 29. Bg4 Nh4 30. h3 h5 31. Bd1 Rxh3 32. Rh2 Rxh2 33. Kxh2 Nf5
34. Bb3 Nd4 35. Bc3 g5 36. Rf2 Kg6 37. Bd1 Nf5 38. Bf3 Bxf3 39. Rxf3 g4 40. Rf2
g3+ 0-1

[Event "Madrid 2022-2023 ch - Previa A"]
[Site "Madrid ESP"]
[Date "2023.02.06"]
[Round "1.25"]
[White "Arevillca Colque, Jonatan"]
[Black "De la Villa Ramos, Maria"]
[Result "1-0"]
[WhiteElo "1765"]
[BlackElo "1421"]
[PlyCount "67"]
[EventDate "2023.02.06"]
[EventType "swiss"]
[EventRounds "9"]
[EventCountry "ESP"]
[SourceTitle "Ajedrez en Madrid"]
[Source "lmi"]
[SourceDate "2023.02.06"]
[SourceVersion "1"]
[SourceVersionDate "2023.03.03"]
[SourceQuality "1"]

1. e4 c5 2. d4 e6 3. d5 d6 4. c4 g6 5. Nc3 Bg7 6. f4 Ne7 7. Nf3 O-O 8. Be2 a6
9. a4 h6 10. O-O b6 11. Qe1 f5 12. Bd3 Re8 13. h4 exd5 14. cxd5 fxe4 15. Qxe4
Bg4 16. Qc4 Bxf3 17. Rxf3 b5 18. Qa2 c4 19. Be4 b4 20. Ne2 Nd7 21. Qxc4 Nf6 22.
Be3 Nxe4 23. Qxe4 Nf5 24. Qd3 h5 25. Bd4 Nxd4 26. Nxd4 Qb6 27. Rd1 Rac8 28.
Qxg6 Re1+ 29. Rxe1 Qxd4+ 30. Rfe3 Rf8 31. f5 Rf6 32. Qg5 Kh7 33. Kh1 Qg4 34.
Rf3 1-0

[Event "Madrid 2022-2023 ch - Previa A"]
[Site "Madrid ESP"]
[Date "2023.02.06"]
[Round "1.26"]
[White "Calle Trueba, Jose Antonio"]
[Black "Martin Romero, David"]
[Result "1/2-1/2"]
[WhiteElo "1335"]
[BlackElo "1765"]
[PlyCount "68"]
[EventDate "2023.02.06"]
[EventType "swiss"]
[EventRounds "9"]
[EventCountry "ESP"]
[SourceTitle "Ajedrez en Madrid"]
[Source "lmi"]
[SourceDate "2023.02.06"]
[SourceVersion "1"]
[SourceVersionDate "2023.03.03"]
[SourceQuality "1"]

1. d4 f5 2. Bf4 Nf6 3. e3 e6 4. Nf3 d5 5. Nbd2 Bd6 6. Bxd6 Qxd6 7. c4 c6 8.
cxd5 cxd5 9. Bb5+ Bd7 10. Bxd7+ Nbxd7 11. O-O O-O 12. a3 Rfc8 13. Rc1 Rc7 14.
Rxc7 Qxc7 15. Qc1 Rc8 16. Nb3 Ne4 17. Qxc7 Rxc7 18. Rc1 Rc4 19. Rxc4 dxc4 20.
Nbd2 Nxd2 21. Nxd2 b5 22. Nb1 Nb6 23. Nc3 a6 24. Kf1 Nd5 25. Ke2 Nxc3+ 26. bxc3
Kf7 27. f3 Ke7 28. e4 f4 29. g3 fxg3 30. hxg3 h5 31. f4 Kf6 32. Ke3 g5 33.
fxg5+ Kxg5 34. Kf3 a5 1/2-1/2

[Event "Madrid 2022-2023 ch - Previa A"]
[Site "Madrid ESP"]
[Date "2023.02.06"]
[Round "1.27"]
[White "Barahona Torrijos, Angel"]
[Black "Melero Fernandez, Jose M"]
[Result "1-0"]
[WhiteElo "1761"]
[BlackElo "1334"]
[PlyCount "33"]
[EventDate "2023.02.06"]
[EventType "swiss"]
[EventRounds "9"]
[EventCountry "ESP"]
[SourceTitle "Ajedrez en Madrid"]
[Source "lmi"]
[SourceDate "2023.02.06"]
[SourceVersion "1"]
[SourceVersionDate "2023.03.03"]
[SourceQuality "1"]

1. d4 Nf6 2. Nf3 g6 3. Bg5 Bg7 4. Nbd2 d5 5. e3 Nc6 6. c4 e6 7. Ne5 O-O 8. Ng4
Bd7 9. Qf3 h5 10. Nxf6+ Kh8 11. h4 Qc8 12. Bd3 Nb4 13. Bb1 c5 14. Nxh5 cxd4 15.
Nf6 dxc4 16. h5 Bxf6 17. Qxf6+ 1-0

[Event "Madrid 2022-2023 ch - Previa A"]
[Site "Madrid ESP"]
[Date "2023.02.06"]
[Round "1.28"]
[White "Morales Clares, Aaron"]
[Black "Hernandez Gutierrez, Jose"]
[Result "0-1"]
[WhiteElo "1324"]
[BlackElo "1758"]
[PlyCount "42"]
[EventDate "2023.02.06"]
[EventType "swiss"]
[EventRounds "9"]
[EventCountry "ESP"]
[SourceTitle "Ajedrez en Madrid"]
[Source "lmi"]
[SourceDate "2023.02.06"]
[SourceVersion "1"]
[SourceVersionDate "2023.03.03"]
[SourceQuality "1"]

1. e4 c6 2. Nf3 d5 3. Nc3 Bg4 4. h3 Bxf3 5. Qxf3 e6 6. exd5 cxd5 7. Bb5+ Nc6 8.
O-O Be7 9. d3 Bf6 10. Bd2 Nge7 11. Be3 O-O 12. Bc5 Qc7 13. Ba3 Rfc8 14. Ne2 Ne5
15. Qe3 Nf5 16. Qd2 Qxc2 17. Qxc2 Rxc2 18. Nc3 a6 19. Ba4 Rd2 20. b3 Nxd3 21.
Nb1 Re2 0-1

[Event "Madrid 2022-2023 ch - Previa A"]
[Site "Madrid ESP"]
[Date "2023.02.06"]
[Round "1.29"]
[White "Carrera Cabaneros, Francisco"]
[Black "Gonzalez Bolado, David"]
[Result "0-1"]
[WhiteElo "1757"]
[BlackElo "1313"]
[PlyCount "70"]
[EventDate "2023.02.06"]
[EventType "swiss"]
[EventRounds "9"]
[EventCountry "ESP"]
[SourceTitle "Ajedrez en Madrid"]
[Source "lmi"]
[SourceDate "2023.02.06"]
[SourceVersion "1"]
[SourceVersionDate "2023.03.03"]
[SourceQuality "1"]

1. d4 Nf6 2. c4 g6 3. Nc3 d5 4. f3 Bg7 5. e4 c5 6. cxd5 cxd4 7. Qxd4 O-O 8. Bc4
Ng4 9. Qd1 Ne5 10. Bb3 Na6 11. Be3 b6 12. a3 Qc7 13. Nb5 Qd7 14. Ba4 Nc5 15.
Bxc5 bxc5 16. Rc1 c4 17. Ne2 Nd3+ 18. Kf1 Nxc1 19. Qxc1 a6 20. Nbc3 Qc7 21. g3
f5 22. Kg2 Qb6 23. Nd1 fxe4 24. fxe4 Bg4 25. Re1 Rf6 26. Qxc4 Kh8 27. Nf4 Rc8
28. Qb3 g5 29. Ne3 gxf4 30. Nxg4 Qxb3 31. Bxb3 Rb6 32. Ba4 Rxb2+ 33. Kf3 Rc3+
34. Kxf4 h5 35. Ne3 Bh6+ 0-1

[Event "Madrid 2022-2023 ch - Previa A"]
[Site "Madrid ESP"]
[Date "2023.02.06"]
[Round "1.31"]
[White "Vukotic Jovsic, Dragan"]
[Black "Moreno Gonzalez, Alvaro"]
[Result "1-0"]
[WhiteElo "1746"]
[BlackElo "1306"]
[PlyCount "65"]
[EventDate "2023.02.06"]
[EventType "swiss"]
[EventRounds "9"]
[EventCountry "ESP"]
[SourceTitle "Ajedrez en Madrid"]
[Source "lmi"]
[SourceDate "2023.02.06"]
[SourceVersion "1"]
[SourceVersionDate "2023.03.03"]
[SourceQuality "1"]

1. d4 d5 2. Nf3 Bf5 3. Bf4 Nf6 4. e3 e6 5. Bd3 Ne4 6. O-O Bd6 7. Nbd2 Bxf4 8.
exf4 Nxd2 9. Qxd2 Bxd3 10. Qxd3 O-O 11. f5 Nd7 12. Rfe1 Re8 13. fxe6 fxe6 14.
Re3 Rc8 15. Rae1 Nf8 16. Qb5 Rb8 17. Re5 c6 18. Qe2 h6 19. g4 g5 20. Qe3 Qf6
21. h4 gxh4 22. g5 Qg7 23. Kh1 h5 24. Nxh4 Re7 25. Nf5 Qh7 26. g6 Nxg6 27.
Nxe7+ Nxe7 28. Rxe6 Ng6 29. Qg3 Kf7 30. Qc7+ Kg8 31. Qxb8+ Nf8 32. Rg1+ Kf7 33.
Qe8# 1-0

[Event "Madrid 2022-2023 ch - Previa A"]
[Site "Madrid ESP"]
[Date "2023.02.06"]
[Round "1.32"]
[White "Gomez Ramirez, Jorge"]
[Black "Galarreta Santana, Javier"]
[Result "0-1"]
[WhiteElo "1298"]
[BlackElo "1739"]
[PlyCount "38"]
[EventDate "2023.02.06"]
[EventType "swiss"]
[EventRounds "9"]
[EventCountry "ESP"]
[SourceTitle "Ajedrez en Madrid"]
[Source "lmi"]
[SourceDate "2023.02.06"]
[SourceVersion "1"]
[SourceVersionDate "2023.03.03"]
[SourceQuality "1"]

1. d4 Nf6 2. c4 c5 3. d5 b5 4. b3 g6 5. Bb2 Bg7 6. Nf3 d6 7. g3 O-O 8. Bg2 bxc4
9. bxc4 Qb6 10. Qc2 Bf5 11. Qc3 Nbd7 12. Nbd2 Rab8 13. Rb1 Bxb1 14. Nb3 Bxa2
15. O-O Qxb3 16. Qxb3 Rxb3 17. Bxf6 Nxf6 18. Ra1 Rb1+ 19. Rxb1 Bxb1 0-1

[Event "Madrid 2022-2023 ch - Previa A"]
[Site "Madrid ESP"]
[Date "2023.02.06"]
[Round "1.33"]
[White "San Segundo Ortiz, Fernando"]
[Black "Cobos Ramos, Antonio"]
[Result "1-0"]
[WhiteElo "1735"]
[BlackElo "1163"]
[PlyCount "69"]
[EventDate "2023.02.06"]
[EventType "swiss"]
[EventRounds "9"]
[EventCountry "ESP"]
[SourceTitle "Ajedrez en Madrid"]
[Source "lmi"]
[SourceDate "2023.02.06"]
[SourceVersion "1"]
[SourceVersionDate "2023.03.03"]
[SourceQuality "1"]

1. d4 d5 2. Bf4 Bf5 3. e3 e6 4. c3 Ne7 5. Nf3 Ng6 6. Bg3 Bd6 7. Ne5 O-O 8. f4
c5 9. Bd3 Nh4 10. O-O c4 11. Bc2 Be4 12. Bxe4 dxe4 13. Nd2 Nf5 14. Qe2 Nxg3 15.
hxg3 f5 16. Ndxc4 Be7 17. Kf2 b5 18. Nd2 a6 19. Rh1 Nd7 20. Qh5 Nf6 21. Qh3 Bd6
22. Nb3 Bxe5 23. fxe5 Ng4+ 24. Ke2 h6 25. Qh5 Rc8 26. Qg6 Qd5 27. Nd2 Rfd8 28.
Rhc1 Nxe5 29. dxe5 Qxd2+ 30. Kf1 Re8 31. Re1 Qxb2 32. Rad1 Qxa2 33. Rd7 Qc4+
34. Kg1 Rc7 35. Qxg7# 1-0

[Event "Madrid 2022-2023 ch - Previa A"]
[Site "Madrid ESP"]
[Date "2023.02.06"]
[Round "1.34"]
[White "Soofi Alizadeh, Arash"]
[Black "Garcia Gonzalez, Pedro A."]
[Result "1/2-1/2"]
[WhiteElo "1161"]
[BlackElo "1725"]
[PlyCount "56"]
[EventDate "2023.02.06"]
[EventType "swiss"]
[EventRounds "9"]
[EventCountry "ESP"]
[SourceTitle "Ajedrez en Madrid"]
[Source "lmi"]
[SourceDate "2023.02.06"]
[SourceVersion "1"]
[SourceVersionDate "2023.03.03"]
[SourceQuality "1"]

1. c4 e6 2. Nc3 d5 3. cxd5 exd5 4. g3 Nf6 5. Bg2 c6 6. Nf3 Be7 7. O-O O-O 8. d3
Nbd7 9. a3 Re8 10. b4 Nf8 11. Bb2 Bg4 12. h3 Bh5 13. e3 Bd6 14. Ne2 Bg6 15. Nf4
Ne6 16. Nxg6 hxg6 17. Be5 Qc7 18. Bxd6 Qxd6 19. Nd2 Rad8 20. Nb3 Nd7 21. Na5
Rb8 22. d4 Ng5 23. Nb3 Ne4 24. Rc1 Ndf6 25. Nc5 Re7 26. Nxe4 Nxe4 27. Bxe4 Rxe4
28. Kg2 Qd7 1/2-1/2

[Event "Madrid 2022-2023 ch - Previa A"]
[Site "Madrid ESP"]
[Date "2023.02.07"]
[Round "2.1"]
[White "Marin Lopez, Juan Jose"]
[Black "Martin Rodriguez, Emilio"]
[Result "0-1"]
[WhiteElo "1780"]
[BlackElo "1979"]
[PlyCount "96"]
[EventDate "2023.02.06"]
[EventType "swiss"]
[EventRounds "9"]
[EventCountry "ESP"]
[SourceTitle "Ajedrez en Madrid"]
[Source "lmi"]
[SourceDate "2023.02.06"]
[SourceVersion "1"]
[SourceVersionDate "2023.03.03"]
[SourceQuality "1"]

1. e4 e6 2. d4 d5 3. e5 c5 4. c3 Nc6 5. Nf3 Qb6 6. Bd3 Bd7 7. O-O cxd4 8. Re1
Rc8 9. Nbd2 dxc3 10. bxc3 Na5 11. Rb1 Qc7 12. Bb5 Bxb5 13. Rxb5 a6 14. Rb1 Bc5
15. Nb3 Nxb3 16. Qxb3 Rb8 17. Qa4+ Kf8 18. Re2 Ne7 19. Ba3 g6 20. Bc1 h6 21.
Qf4 Kg8 22. h4 h5 23. Nd4 Rh7 24. Nb3 Nf5 25. Nxc5 Qxc5 26. Qb4 Qxb4 27. Rxb4
Rh8 28. Reb2 Kg7 29. Bg5 Rhc8 30. Rxb7 Rxb7 31. Rxb7 Nh6 32. Rb3 Ng8 33. Kf1
Rc7 34. Ke2 f6 35. exf6+ Nxf6 36. Bxf6+ Kxf6 37. Kd3 Rc6 38. Rb4 Ke5 39. a4 Kd6
40. f3 e5 41. c4 Kc5 42. cxd5 Rd6 43. Re4 Kxd5 44. Kc3 Rc6+ 45. Kb4 Rc2 46. g4
Rf2 47. Re3 hxg4 48. fxg4 Rf4+ 0-1

[Event "Madrid 2022-2023 ch - Previa A"]
[Site "Madrid ESP"]
[Date "2023.02.07"]
[Round "2.2"]
[White "Rodriguez Garcia, Jose Maria"]
[Black "Arevillca Colque, Jonatan"]
[Result "1-0"]
[WhiteElo "1977"]
[BlackElo "1765"]
[PlyCount "63"]
[EventDate "2023.02.06"]
[EventType "swiss"]
[EventRounds "9"]
[EventCountry "ESP"]
[SourceTitle "Ajedrez en Madrid"]
[Source "lmi"]
[SourceDate "2023.02.06"]
[SourceVersion "1"]
[SourceVersionDate "2023.03.03"]
[SourceQuality "1"]

1. d4 d5 2. Nf3 Nf6 3. e3 e6 4. Bd3 Bd6 5. Nbd2 O-O 6. O-O b6 7. e4 dxe4 8.
Nxe4 Bb7 9. Nxf6+ Qxf6 10. Bg5 Bxf3 11. Qd2 Bf4 12. Bxf4 Nc6 13. Bg5 Qxd4 14.
gxf3 Ne5 15. Qe3 Qxb2 16. Rab1 Qd4 17. Be4 Qxe3 18. fxe3 Rac8 19. Bd3 f6 20.
Bf4 Nxd3 21. cxd3 e5 22. Bg3 Rfd8 23. Rb3 Rd5 24. f4 Rcd8 25. fxe5 fxe5 26. Ra3
a5 27. d4 c5 28. Bxe5 Ra8 29. Rb3 cxd4 30. exd4 b5 31. Rc3 Re8 32. Rc7 1-0

[Event "Madrid 2022-2023 ch - Previa A"]
[Site "Madrid ESP"]
[Date "2023.02.07"]
[Round "2.3"]
[White "Barahona Torrijos, Angel"]
[Black "Ruiz Bellon, Manuel"]
[Result "0-1"]
[WhiteElo "1761"]
[BlackElo "1950"]
[PlyCount "48"]
[EventDate "2023.02.06"]
[EventType "swiss"]
[EventRounds "9"]
[EventCountry "ESP"]
[SourceTitle "Ajedrez en Madrid"]
[Source "lmi"]
[SourceDate "2023.02.06"]
[SourceVersion "1"]
[SourceVersionDate "2023.03.03"]
[SourceQuality "1"]

1. e4 c5 2. a3 Nc6 3. b4 e6 4. b5 Ne5 5. f4 Ng6 6. g3 d5 7. e5 f6 8. Nf3 fxe5
9. fxe5 Nh6 10. Bg2 Be7 11. O-O O-O 12. d4 Nf5 13. c3 Bd7 14. a4 a6 15. bxa6
Rxa6 16. g4 Nfh4 17. Nxh4 Nxh4 18. Bh3 b5 19. Ba3 Rxa4 20. Nd2 cxd4 21. Bxe7
Qxe7 22. cxd4 Rxd4 23. Rxf8+ Qxf8 24. Qc2 Rxd2 0-1

[Event "Madrid 2022-2023 ch - Previa A"]
[Site "Madrid ESP"]
[Date "2023.02.07"]
[Round "2.4"]
[White "Lopez de Turiso, Jose Angel"]
[Black "Vukotic Jovsic, Dragan"]
[Result "0-1"]
[WhiteElo "1926"]
[BlackElo "1746"]
[PlyCount "82"]
[EventDate "2023.02.06"]
[EventType "swiss"]
[EventRounds "9"]
[EventCountry "ESP"]
[SourceTitle "Ajedrez en Madrid"]
[Source "lmi"]
[SourceDate "2023.02.06"]
[SourceVersion "1"]
[SourceVersionDate "2023.03.03"]
[SourceQuality "1"]

1. d4 d5 2. c4 e6 3. Nc3 Be7 4. cxd5 exd5 5. Bf4 c6 6. Qc2 Nf6 7. e3 O-O 8. Bd3
Bg4 9. f3 Bh5 10. g4 Bg6 11. O-O-O Na6 12. Bxg6 fxg6 13. h4 b5 14. h5 gxh5 15.
g5 Ne8 16. g6 b4 17. Nce2 c5 18. gxh7+ Kh8 19. dxc5 Rc8 20. Kb1 Nxc5 21. Qg6
Qa5 22. Nh3 Na4 23. Rc1 Nc3+ 24. Nxc3 bxc3 25. Be5 Bf6 26. Bxf6 Rxf6 27. Qc2
Rb6 28. b3 Nd6 29. Nf4 Nc4 30. Ng6+ Rxg6 31. Qxg6 Nd2+ 32. Kc2 Qxa2+ 33. Kd3
Nxf3 34. Rc2 Qxb3 35. Ke2 Ne5 36. Qf5 Qc4+ 37. Kf2 Ng4+ 38. Kf3 Re8 39. Re1 Re5
40. Qf4 Qd3 41. Qf8+ Kxh7 0-1

[Event "Madrid 2022-2023 ch - Previa A"]
[Site "Madrid ESP"]
[Date "2023.02.07"]
[Round "2.5"]
[White "Hernandez Gutierrez, Jose"]
[Black "Blazquez Sanz, Oscar"]
[Result "1/2-1/2"]
[WhiteElo "1758"]
[BlackElo "1886"]
[PlyCount "96"]
[EventDate "2023.02.06"]
[EventType "swiss"]
[EventRounds "9"]
[EventCountry "ESP"]
[SourceTitle "Ajedrez en Madrid"]
[Source "lmi"]
[SourceDate "2023.02.06"]
[SourceVersion "1"]
[SourceVersionDate "2023.03.03"]
[SourceQuality "1"]

1. d4 Nf6 2. c4 g6 3. g3 Bg7 4. Bg2 O-O 5. Nc3 d6 6. Nf3 c5 7. dxc5 dxc5 8.
Qxd8 Rxd8 9. Be3 Na6 10. Ne5 Nb4 11. Rc1 Bf5 12. Bxc5 Nc2+ 13. Kf1 Rac8 14.
Bxe7 Re8 15. Bxf6 Bxf6 16. Nxf7 Kxf7 17. Bd5+ Kg7 18. g4 Bg5 19. e3 Bd3+ 20.
Kg2 Nb4 21. a3 Nxd5 22. cxd5 Bf6 23. Rhd1 Bxc3 24. Rxd3 Bxb2 25. Rxc8 Rxc8 26.
Rb3 Be5 27. Rxb7+ Rc7 28. Rxc7+ Bxc7 29. f4 a5 30. a4 Kf6 31. h3 g5 32. Kf3 h6
33. Ke4 Bd6 34. Kf3 Bb8 35. Ke4 Bc7 36. Kf3 Ke7 37. Ke4 Kd6 38. fxg5 hxg5 39.
Kf5 Kxd5 40. e4+ Kd4 41. Kxg5 Kxe4 42. Kh5 Kf4 43. g5 Kf5 44. Kh6 Bf4 45. h4
Bd2 46. Kh7 Bxg5 47. hxg5 Kxg5 48. Kg7 Kf5 1/2-1/2

[Event "Madrid 2022-2023 ch - Previa A"]
[Site "Madrid ESP"]
[Date "2023.02.07"]
[Round "2.6"]
[White "Vazquez Gonzalez, Jesus"]
[Black "San Segundo Ortiz, Fernando"]
[Result "1-0"]
[WhiteElo "1876"]
[BlackElo "1735"]
[PlyCount "107"]
[EventDate "2023.02.06"]
[EventType "swiss"]
[EventRounds "9"]
[EventCountry "ESP"]
[SourceTitle "Ajedrez en Madrid"]
[Source "lmi"]
[SourceDate "2023.02.06"]
[SourceVersion "1"]
[SourceVersionDate "2023.03.03"]
[SourceQuality "1"]

1. e4 c5 2. Nc3 g6 3. f4 Bg7 4. Nf3 d6 5. Be2 Nc6 6. O-O Nf6 7. d3 Nd4 8. Nxd4
cxd4 9. Nb1 e5 10. Na3 O-O 11. Kh1 a6 12. Qe1 Bg4 13. Bxg4 Nxg4 14. h3 Nf6 15.
f5 b5 16. g4 h6 17. g5 Nh5 18. gxh6 Bf6 19. Rf3 Bh4 20. Qg1 Kh7 21. Qg4 Qe7 22.
Bd2 Rg8 23. Raf1 Raf8 24. Kh2 Nf4 25. Bxf4 exf4 26. Qxf4 Bf6 27. Kh1 g5 28. Qg4
Re8 29. Rg1 d5 30. exd5 Qd7 31. Nb1 Qxd5 32. Nd2 Be5 33. f6 Bf4 34. Ne4 Rxe4
35. dxe4 Qxe4 36. Qg2 Qf5 37. Qg4 Qxf6 38. h4 Rg6 39. hxg5 Rxg5 40. Qxg5 Bxg5
41. Rxf6 Bxf6 42. Rf1 Kg6 43. h7 Bg7 44. Rf3 Bh8 45. Ra3 Kxh7 46. Rxa6 d3 47.
cxd3 Bxb2 48. Rb6 f6 49. Rxb5 Be5 50. a4 Kg6 51. a5 Bd4 52. a6 f5 53. Kg2 Kg5
54. Kf3 1-0

[Event "Madrid 2022-2023 ch - Previa A"]
[Site "Madrid ESP"]
[Date "2023.02.07"]
[Round "2.7"]
[White "Jimenez Gonzalez, Marcos"]
[Black "Marin Lopez, Jeronimo"]
[Result "1-0"]
[WhiteElo "1748"]
[BlackElo "1875"]
[PlyCount "113"]
[EventDate "2023.02.06"]
[EventType "swiss"]
[EventRounds "9"]
[EventCountry "ESP"]
[SourceTitle "Ajedrez en Madrid"]
[Source "lmi"]
[SourceDate "2023.02.06"]
[SourceVersion "1"]
[SourceVersionDate "2023.03.03"]
[SourceQuality "1"]

1. d4 d6 2. c4 g6 3. g3 Bg7 4. Bg2 Nf6 5. Nf3 O-O 6. Nc3 Nc6 7. O-O Bg4 8. h3
Bd7 9. e4 Qc8 10. Kh2 e5 11. Be3 exd4 12. Nxd4 Re8 13. Qd2 a6 14. Rac1 Nxd4 15.
Bxd4 Bc6 16. f3 Qd7 17. Rfd1 b6 18. Nd5 Nxd5 19. cxd5 Bb7 20. Bxg7 Kxg7 21.
Qc3+ Kg8 22. Qxc7 Qxc7 23. Rxc7 Rab8 24. Rdc1 Rec8 25. f4 f6 26. g4 h6 27. Kg3
Kf8 28. g5 fxg5 29. fxg5 hxg5 30. Kg4 Kg8 31. Kxg5 Rf8 32. Rf1 Rxf1 33. Bxf1
Rf8 34. Rxb7 Rxf1 35. Kxg6 Rg1+ 36. Kf6 b5 37. Rb6 Re1 38. Kf5 Rf1+ 39. Ke6 Rf4
40. Rxa6 Rxe4+ 41. Kxd6 Rh4 42. Ra8+ Kf7 43. Rb8 b4 44. Kd7 Rc4 45. d6 Rd4 46.
Rb5 Rf4 47. a4 bxa3 48. bxa3 Kf8 49. Ra5 Kf7 50. Ra8 Rh4 51. a4 Rxh3 52. a5 Kf6
53. a6 Ke5 54. Re8+ Kd5 55. a7 Rh7+ 56. Re7 Rh8 57. Kc7 1-0

[Event "Madrid 2022-2023 ch - Previa A"]
[Site "Madrid ESP"]
[Date "2023.02.07"]
[Round "2.8"]
[White "Marin Aso, Jose Luis"]
[Black "Boni De Aristizabal, Marco"]
[Result "1-0"]
[WhiteElo "1865"]
[BlackElo "1723"]
[PlyCount "103"]
[EventDate "2023.02.06"]
[EventType "swiss"]
[EventRounds "9"]
[EventCountry "ESP"]
[SourceTitle "Ajedrez en Madrid"]
[Source "lmi"]
[SourceDate "2023.02.06"]
[SourceVersion "1"]
[SourceVersionDate "2023.03.03"]
[SourceQuality "1"]

1. e4 e6 2. d4 d5 3. Nd2 dxe4 4. Nxe4 Nf6 5. Nxf6+ Qxf6 6. Nf3 h6 7. Bd3 Bd6 8.
Qe2 O-O 9. Bd2 Nc6 10. O-O-O Nb4 11. Bc4 Bd7 12. Ne5 Bc6 13. c3 Nd5 14. Nxc6
bxc6 15. g3 Rfe8 16. Qe4 Qf5 17. Bd3 Qxe4 18. Bxe4 f5 19. Bg2 Rab8 20. Rhe1 Rb6
21. Kc2 Kf7 22. a3 Reb8 23. Bc1 Ra6 24. c4 Nf6 25. c5 Bf8 26. Bf1 Ra5 27. b4
Rab5 28. Bxb5 Rxb5 29. Bd2 Ng4 30. a4 Rb7 31. f3 Nf6 32. Re5 Nd5 33. Rde1 Nxb4+
34. Bxb4 Rxb4 35. Kc3 Rxa4 36. Rxe6 Ra3+ 37. Kb4 Rxf3 38. Rxc6 f4 39. Rxc7+ Kg6
40. d5 fxg3 41. hxg3 Rxg3 42. Rf1 Rg4+ 43. Kb5 Bxc5 44. Kxc5 a5 45. d6 Rg2 46.
Rff7 Rc2+ 47. Kb5 Rb2+ 48. Kxa5 Ra2+ 49. Kb6 Rd2 50. d7 h5 51. Rxg7+ Kf6 52.
Rg8 1-0